00507nam a22000977a 4500008004100000010001200041245007700053260000900130500013500139500013500274110616t xxu||||| |||| 00| 0 eng d aCACAF46 aCourt of Appeal Criminal Appeal No. 2 OF 2000 Omuroni Francis Vs Uganda  c2000 aCoram: Hon. Justice G.M. Okello, JA Hon. Justice A.E. Mpagi-Bahigeine, J.A Hon. Justice A. Twinomujuni, J.A. aAppeal from the judgement of the High Court of Uganda Akiiki-Kiiza, J at Soroti dated 28th September 1998 in C.S.C. No. 34 of 1998